Super foods for babies and children / (Record no. 7559)
[ view plain ]
| 000 -LEADER | |
|---|---|
| fixed length control field | 01710nam a22002417a 4500 |
| 001 - CONTROL NUMBER | |
| control field | 7559 |
| 003 - CONTROL NUMBER IDENTIFIER | |
| control field | FISKH |
| 005 - DATE AND TIME OF LATEST TRANSACTION | |
| control field | 20250724095908.0 |
| 008 - FIXED-LENGTH DATA ELEMENTS--GENERAL INFORMATION | |
| fixed length control field | 250724b cb ||||| |||| 00| 0 eng d |
| 020 ## - INTERNATIONAL STANDARD BOOK NUMBER | |
| International Standard Book Number | 9780743275248 |
| 040 ## - CATALOGING SOURCE | |
| Original cataloging agency | FISKH |
| Language of cataloging | eng |
| Transcribing agency | FISKH |
| Modifying agency | FISKH |
| 050 ## - LIBRARY OF CONGRESS CALL NUMBER | |
| Classification number | RJ216.K367 |
| 082 ## - DEWEY DECIMAL CLASSIFICATION NUMBER | |
| Classification number | 641.5622 |
| 100 ## - MAIN ENTRY--PERSONAL NAME | |
| Personal name | Karmel, Annabel |
| 245 ## - TITLE STATEMENT | |
| Title | Super foods for babies and children / |
| Statement of responsibility, etc. | Annabel Karmel |
| 250 ## - EDITION STATEMENT | |
| Edition statement | This edition published in 2006. |
| 260 ## - PUBLICATION, DISTRIBUTION, ETC. | |
| Place of publication, distribution, etc. | New York : |
| Name of publisher, distributor, etc. | Simon & Schuster, |
| Date of publication, distribution, etc. | 2001 |
| 300 ## - PHYSICAL DESCRIPTION | |
| Extent | 192 pages : |
| Other physical details | color illustrations ; |
| Dimensions | 24 cm |
| 520 ## - SUMMARY, ETC. | |
| Summary, etc. | Every parent wants the best for their child, to give them the perfect start in life, and that includes their diet and the food they eat. Annabel Karmel understands this better than most - as a trained cook and the mother of three growing children she not only knows what kids should eat but also knows what they will eat. In SuperFoods for Babies and Toddlers, Annabel takes you through your child's first 5 years from weaning babies and feeding whilst teething through fussy toddlers to lunchboxes for school children. As well as discussing the issues of organic versus genetically modified foods, fresh versus convenience, Annabel explains the inherent qualities of certain foods and how they will benefit your child, whether they be foods to promote growth, enhance concentration or boost energy. With extra information on food allergies and intolerances, tips on feeding a vegetarian child and several of Annabel's celebrated meal planners, SuperFoods for Babies and Toddlers is an indispensable guide to nutrition for young children. |
| 650 ## - SUBJECT ADDED ENTRY--TOPICAL TERM | |
| Topical term or geographic name entry element | Cookbook |
| Form subdivision | Nutrition |
| General subdivision | Parenting |
| 942 ## - ADDED ENTRY ELEMENTS (KOHA) | |
| Source of classification or shelving scheme | Dewey Decimal Classification |
| Koha item type | Books |
| Suppress in OPAC | No |
| Withdrawn status | Lost status | Source of classification or shelving scheme | Damaged status | Not for loan | Collection | Home library | Current library | Shelving location | Date acquired | Total Checkouts | Full call number | Barcode | Date last seen | Copy number | Price effective from | Koha item type |
|---|---|---|---|---|---|---|---|---|---|---|---|---|---|---|---|---|
| Dewey Decimal Classification | Non-Fiction | Footprints International School Library Network Toul Kork Campus | Footprints International School Library Network Toul Kork Campus | A TK Campus, 4th Floor, Room B401, Non-Fiction Bookcases(7-8) | 07/24/2025 | KAR 641.5622 RJ216.K367 | 2025-2799 | 07/24/2025 | 1 | 07/24/2025 | Books |
